000 01272nam0a22003491 4500
001 rc\2236081
005 20110826164700.8
035 _a(NLR Aleph) 006545547
090 _a6683467
_c6683467
100 _a20110826d1978 |||y0rusy50 ca
101 0 _arus
102 _aRU
105 _ay z |||||
200 1 _aЦенообразование в промышленности
_fД. э. н., проф. Н.С. Калита, В.Г. Котко, кандидаты э. н. Т.К. Алферова, П.А. Кузнецов
210 _aКиев
_cТехнiка
_d1978
215 _a183 с.
_d21
225 1 _aБиблиотека хозяйственника
320 _aБиблиогр.: с. 176-181 (101 назв.)
606 _aПромышленность СССР
_jЦенообразование
_2psbo
686 _aУ9(2)301-861,0
_2rubbk
701 1 _aАлферова
_bТ. К.
701 1 _aКузнецов
_bП. А.
701 1 _aКотко
_bВ. Г.
701 1 _aКалита
_bН. С.
_gНиколай Сергеевич
801 0 _aRU
_bNLR
_gpsbo
801 1 _aRU
_bELAR
_2rusmarc
852 _aNLR
_j78-3/10285
899 _aRuMoRGB
_jБ 78-24/533
899 _aRuMoRGB
_jБ 78-24/534
899 _aRuMoRGB
_j801-85/12851-6
942 _cBOOK
980 _aNB